000 00856nam a22002897a 4500
001 BR8206906
003 BR-BrBNA
005 20230928091537.0
007 ta
008 230509b bl.||||| |||| 00| 0 por d
040 _aBR-BrBNA
_bpor
_cBiblioteca Nacional de Agricultura
041 _a(Por)
072 _aE71
_b8900
_b/G514
090 _ 8900 BR8206906
110 1 _aSuperintendencia do Desenvolvimento do Nordeste, Recife, PE (Brasil). Coordenacao de Planejamento Regional
_910151
245 1 _aImportacoes e exportacoes do nordeste do Brasil - Ano de 1979
260 3 _aRecife, PE (Brasil):
_c1982.
300 _a204 p.
500 _aNumerical data
650 _aEXPORTACAO
650 _aIMPORTACAO
650 _aPRODUTO AGRICOLA
650 _aREGIAO NORDESTE
650 _aPRECO
909 _a202309
_bLucia
_c55
_dLucia Elande
942 _cBK
999 _c34344
_d34344